Urban and peri-urban water supply and sanitation sector report 2018 (Record no. 78542)

MARC details
000 -LEADER
fixed length control field 00912nam a2200145 a 4500
008 - FIXED-LENGTH DATA ELEMENTS--GENERAL INFORMATION
fixed length control field 191015s2018 ||||||||||||||||| || u
050 ## - LIBRARY OF CONGRESS CALL NUMBER
Classification number NWASCO(058)SR/2018A
110 ## - MAIN ENTRY--CORPORATE NAME
Corporate name or jurisdiction name as entry element National Water Supply and Sanitation Council (NWASCO)
245 10 - TITLE STATEMENT
Title Urban and peri-urban water supply and sanitation sector report 2018
Statement of responsibility, etc. National Water Supply and Sanitation Council.
260 ## - PUBLICATION, DISTRIBUTION, ETC.
Place of publication, distribution, etc. Lusaka
Name of publisher, distributor, etc. National Water Supply and Sanitation Council (NWASCO)
Date of publication, distribution, etc. 2018
300 ## - PHYSICAL DESCRIPTION
Extent vii , 98 pages: illustrations.
995 ## -
-- SPECIAL COLLECTIONS
-- 4148
-- CBU-MAIN LIBRARY (Kitwe)
-- NWASCO(058)SR/2018A
-- 1
-- AVAILABLE
-- Oct 15, 2019
-- B4148
-- Zambiana Collection
995 ## -
-- SPECIAL COLLECTIONS
-- 4150
-- CBU-MAIN LIBRARY (Kitwe)
-- NWASCO(058)SR/2018C
-- 3
-- AVAILABLE
-- Oct 15, 2019
-- B4150
-- Zambiana Collection
995 ## -
-- SPECIAL COLLECTIONS
-- 4149
-- CBU-MAIN LIBRARY (Kitwe)
-- NWASCO(058)SR/2018B
-- 2
-- AVAILABLE
-- Oct 15, 2019
-- B4149
-- Zambiana Collection
999 ## -
-- 78542
-- 78542
Holdings
Withdrawn status Lost status Source of classification or shelving scheme Damaged status Not for loan Permanent Location Current Location Shelving location Date acquired Total Checkouts Full call number Barcode Date last seen Copy number Price effective from Koha item type
          CBU-MAIN LIBRARY, KITWE. CBU-MAIN LIBRARY, KITWE.   05/17/2023   NWASCO(058)SR/2018A B4148 05/17/2023 1 05/17/2023 SPECIAL COLLECTION
          CBU-MAIN LIBRARY, KITWE. CBU-MAIN LIBRARY, KITWE.   05/17/2023   NWASCO(058)SR/2018C B4150 05/17/2023 2 05/17/2023 SPECIAL COLLECTION
          CBU-MAIN LIBRARY, KITWE. CBU-MAIN LIBRARY, KITWE.   05/17/2023   NWASCO(058)SR/2018B B4149 05/17/2023 3 05/17/2023 SPECIAL COLLECTION